[Event "Medellin Segunda Categoria Antioquia"]
[Site "Medellin"]
[Date "2015.04.??"]
[Round "6.18"]
[White "Acevedo Leon, Juan Alejandro"]
[Black "Restrepo, Hugo"]
[Result "0-1"]
[WhiteElo "1327"]
[BlackElo "1683"]
[PlyCount "39"]
[EventDate "2015.04.14"]
[EventType "swiss"]
[EventRounds "7"]
[EventCountry "COL"]
[SourceTitle "EXT 2024"]
[Source "ChessBase"]
[SourceDate "2023.10.10"]
[SourceVersion "1"]
[SourceVersionDate "2023.10.10"]
[SourceQuality "1"]

1. e4 c5 2. Nf3 e6 3. d4 cxd4 4. Nxd4 a6 5. Nc3 Bb4 6. Bd2 Nf6 7. Bc4 0-0 8. 0-0 Bxc3 9. Bxc3 Nxe4 10. Bb4 Re8 11. Re1 d5 12. Bd3 f5 13. f3 Nf6 14. Qd2 Nc6 15. Bc3 Qb6 16. Qe3 e5 17. Nb3 Qxe3+ 18. Rxe3 d4 19. Re2 dxc3 20. bxc3 0-1

[Event "Medellin Segunda Categoria Antioquia"]
[Site "Medellin"]
[Date "2015.04.??"]
[Round "5.18"]
[White "Ferrer, Carlos Mario"]
[Black "Acevedo Leon, Juan Alejandro"]
[Result "0-1"]
[WhiteElo "1414"]
[BlackElo "1327"]
[PlyCount "22"]
[EventDate "2015.04.14"]
[EventType "swiss"]
[EventRounds "7"]
[EventCountry "COL"]
[SourceTitle "EXT 2024"]
[Source "ChessBase"]
[SourceDate "2023.10.10"]
[SourceVersion "1"]
[SourceVersionDate "2023.10.10"]
[SourceQuality "1"]

1. e4 c5 2. Nf3 d6 3. d4 cxd4 4. Nxd4 Nf6 5. Nc3 g6 6. Bb5+ Bd7 7. Bxd7+ Qxd7 8. 0-0 Bg7 9. f4 0-0 10. Qe2 Nc6 11. Nb3 Rac8 0-1

[Event "Medellin Segunda Categoria Antioquia"]
[Site "Medellin"]
[Date "2015.04.??"]
[Round "2.16"]
[White "Llano, Antonio"]
[Black "Acevedo Leon, Juan Alejandro"]
[Result "1-0"]
[WhiteElo "1692"]
[BlackElo "1327"]
[PlyCount "55"]
[EventDate "2015.04.14"]
[EventType "swiss"]
[EventRounds "7"]
[EventCountry "COL"]
[SourceTitle "EXT 2024"]
[Source "ChessBase"]
[SourceDate "2023.10.10"]
[SourceVersion "1"]
[SourceVersionDate "2023.10.10"]
[SourceQuality "1"]

1. d4 Nf6 2. e3 g6 3. Bd3 Bg7 4. c3 d6 5. f4 0-0 6. Nf3 c5 7. 0-0 Nc6 8. Nbd2 Bd7 9. e4 cxd4 10. cxd4 Qa5 11. Nc4 Qc7 12. Bd2 Rfc8 13. Rc1 b5 14. Ne3 Rab8 15. d5 Qb7 16. dxc6 Rxc6 17. e5 dxe5 18. Nxe5 Rxc1 19. Qxc1 Rc8 20. Qb1 h5 21. a3 e6 22. Kh1 Kf8 23. Bb4+ Ke8 24. Bxg6 fxg6 25. Qxg6+ Kd8 26. Qxg7 Nd5 27. Ba5+ Ke8 28. Qf7# 1-0